| 000 | 00860nam a2200253Ia 4500 | ||
|---|---|---|---|
| 003 | GCL | ||
| 008 | 140319s9999 xx 000 0 ara d | ||
| 040 |
_aGCL / _cGCL |
||
| 082 | 0 | 4 |
_aق _b932.096 _bم ا |
| 100 | 1 | _aمصطفى العبادى | |
| 245 | 1 | 0 |
_aالامبراطورية الرومانية النظام الامبراطورى ومصر الرومانية / _cمصطفى العبادى |
| 260 |
_a[S.N] : _bدار النهضة العربية |
||
| 300 | _a312 ص | ||
| 490 | _a | ||
| 650 | 0 | 4 | _aمصر |
| 650 | 0 | 4 | _aتاريخ |
| 650 | 0 | 4 | _aالاحوال الاجتماعية |
| 650 | 0 | 4 | _aالاحوال السياسية |
| 650 | 0 | 4 | _aالاحوال الاقتصادية |
| 650 | 0 | 4 | _aالحياة الثقافية |
| 650 | 0 | 4 | _aالامبراطورية الرومانية |
| 650 | 0 | 4 | _aالنظم الادارية |
| 942 |
_2ddc _cBK |
||
| 999 |
_c37076 _d37076 |
||